header

Beginning algebra : (Record no. 255690)

MARC details
000 -LEADER
fixed length control field 00851pam a2200253 a 4500
001 - CONTROL NUMBER
control field 3944586
003 - CONTROL NUMBER IDENTIFIER
control field OSt
005 - DATE AND TIME OF LATEST TRANSACTION
control field 20170224120257.0
008 - FIXED-LENGTH DATA ELEMENTS--GENERAL INFORMATION
fixed length control field 931215s1995 maua 001 0 eng
010 ## - LIBRARY OF CONGRESS CONTROL NUMBER
LC control number 93048040
020 ## - INTERNATIONAL STANDARD BOOK NUMBER
International Standard Book Number 9781111569297
040 ## - CATALOGING SOURCE
Original cataloging agency DLC
Transcribing agency DLC
Modifying agency DLC
050 00 - LIBRARY OF CONGRESS CALL NUMBER
Classification number QA152.2
Item number .B417 2012
082 00 - DEWEY DECIMAL CLASSIFICATION NUMBER
Classification number 512.9
Edition number 20
245 00 - TITLE STATEMENT
Title Beginning algebra :
Remainder of title Connecting Concepts through applications
Statement of responsibility, etc Mark Clark ... [et al.].
260 ## - PUBLICATION, DISTRIBUTION, ETC. (IMPRINT)
Place of publication, distribution, etc Australia;
Name of publisher, distributor, etc Brooks/Cole Pub. Co.,
Date of publication, distribution, etc c1995.
300 ## - PHYSICAL DESCRIPTION
Extent xviii, 701, 36, 5 p. :
Other physical details ill. (some col.) ;
Dimensions 29 cm.
500 ## - GENERAL NOTE
General note Includes index.
650 #0 - SUBJECT ADDED ENTRY--TOPICAL TERM
Topical term or geographic name as entry element Algebra.
700 1# - ADDED ENTRY--PERSONAL NAME
Personal name Perez, Gilbert.
906 ## - LOCAL DATA ELEMENT F, LDF (RLIN)
a 7
b cbc
c orignew
d 1
e ocip
f 19
g y-gencatlg
942 ## - ADDED ENTRY ELEMENTS (KOHA)
Source of classification or shelving scheme Library of Congress Classification
Koha item type Long Loan Books
Holdings
Withdrawn status Lost status Source of classification or shelving scheme Damaged status Not for loan Collection code Home library Current library Shelving location Date acquired Total Checkouts Full call number Barcode Date last seen Price effective from Koha item type
    Library of Congress Classification     Non-fiction Rongo University Library Rongo University Library General Stacks 24/02/2017   QA152.2 .B417 2012 201616309 24/02/2017 24/02/2017 Long Loan Books

© 2026 Rongo University
Contact us: librarian | system librarian | Rongo university